Small Jarrah sawlog and residue log harvesting trials near Harvey, W. A.

Bibliographic Details
Main Author: CLARK
Corporate Author: Wood Utilisation Research Centre (W. A.)
Other Authors: Brennan 1958-
Format: Book
Published: (Harvey, W. A.) : Department of Conservation and Land Management , 1988
Series:Wood Utilisation Research Centre; report n. 4
Subjects:

MARC

LEADER 00000cam a2200000 7i4500
001 0000002217
005 20030331.0
090 0 0 |a 338.17498   |b CLA 1988 
100 1 0 |a CLARK   |h J. D. 
245 1 0 |a Small Jarrah sawlog and residue log harvesting trials near Harvey, W. A.   |c by J. D. Clark and G. K. Brennan 
260 0 0 |a (Harvey, W. A.) :   |b Department of Conservation and Land Management ,   |c 1988 
300 |a iii, 14p. ;   |c 30 cm. 
440 0 0 |a Wood Utilisation Research Centre; report n. 4 
500 0 0 |a Bibliography : p. 12 
650 0 0 |a Jarrah   |z Western Australia 
650 0 0 |a Logging   |z Western Australia   |z Harvey (Shire) 
650 0 0 |a Tree Felling   |z Western Australia   |z Harvey (Shire) 
700 0 1 |a Brennan   |h G. K. ,   |c 1958- 
710 1 1 |a Wood Utilisation Research Centre (W. A.) 
998 |a JPSM 
999 |a 0000003865   |b Monograph   |c Open Shelf   |e Default branch